000 00579nai a2200181Ia 4500
003 IN-BaIIA
008 211028c9999 xx s 000 0 eng d
022 _a1099-095X (Online)
022 _a1180-4009 (Print)
040 _cIIA Library
245 0 _aEnvironmetrics
_h[eJournal]
260 _aNew Jersey
_bJohn Wiley & Sons
310 _aSemi-Quarterly
362 _a7(1); 1996 - Present
521 _bSubscribed through National Knowledge Resource Consortium (NKRC)
856 _uhttps://onlinelibrary.wiley.com/journal/1099095x
_yClick Here to Access eJournal
942 _cEJ
999 _c34336
_d34336